[Event "Pardubice op rap 26th"]
[Site "Pardubice"]
[Date "2015.07.23"]
[Round "6"]
[White "Suran, Jan"]
[Black "Brychta, David"]
[Result "1-0"]
[WhiteElo "2406"]
[BlackElo "2177"]
[PlyCount "107"]
[EventDate "2015.07.22"]
[EventType "swiss (rapid)"]
[EventRounds "9"]
[EventCountry "CZE"]
[SourceTitle "CBM 167 Extra"]
[Source "ChessBase"]
[SourceDate "2015.09.14"]
[SourceVersion "1"]
[SourceVersionDate "2015.09.14"]
[SourceQuality "1"]

1. e4 c5 2. Nf3 d6 3. d4 cxd4 4. Nxd4 Nf6 5. Nc3 a6 6. Be2 e6 7. 0-0 Nbd7 8. f4 Be7 9. Bf3 Qc7 10. Qe2 0-0 11. Kh1 Re8 12. g4 Nc5 13. g5 Nfd7 14. Bg2 Bf8 15. a4 Rb8 16. Be3 b6 17. b4 Nb7 18. Qd3 Nd8 19. Bd2 Bb7 20. Rae1 Rc8 21. Nb3 g6 22. Rc1 Qc4 23. Ne2 d5 24. Qxc4 Rxc4 25. c3 dxe4 26. Be3 Bc6 27. Nd2 Bd5 28. Nxc4 Bxc4 29. Rfd1 Nb8 30. Bxb6 Ndc6 31. Nd4 Ne7 32. Bxe4 Nd5 33. Bxd5 exd5 34. Re1 Rc8 35. Kg2 Nd7 36. Ba5 Bd6 37. Kf3 Bd3 38. Re3 Bc4 39. Rce1 Kf8 40. h4 Nb8 41. h5 Nd7 42. hxg6 hxg6 43. Kg4 Nb8 44. Bb6 Nd7 45. a5 Nxb6 46. axb6 Rb8 47. f5 Bb5 48. Nxb5 gxf5+ 49. Kxf5 axb5 50. Kf6 Bf4 51. Rh3 Rxb6+ 52. Kf5 Bd2 53. Rh8+ Kg7 54. Ree8 1-0

[Event "Pardubice op rap 26th"]
[Site "Pardubice"]
[Date "2015.07.22"]
[Round "2"]
[White "Brychta, David"]
[Black "Kotyk, Vaclav"]
[Result "1-0"]
[WhiteElo "2177"]
[BlackElo "2147"]
[PlyCount "59"]
[EventDate "2015.07.22"]
[EventType "swiss (rapid)"]
[EventRounds "9"]
[EventCountry "CZE"]
[SourceTitle "CBM 167 Extra"]
[Source "ChessBase"]
[SourceDate "2015.09.14"]
[SourceVersion "1"]
[SourceVersionDate "2015.09.14"]
[SourceQuality "1"]

1. Nf3 Nf6 2. c4 g6 3. g3 Bg7 4. Bg2 0-0 5. 0-0 c6 6. d4 d5 7. Nc3 Ne4 8. Bf4 Bf5 9. cxd5 cxd5 10. Qb3 Nc6 11. Qxb7 Nxd4 12. Nxd4 Bxd4 13. Nxd5 e5 14. Ne7+ Kh8 15. Nxf5 gxf5 16. Bh6 Rb8 17. Qc6 Rb6 18. Qc1 Bxb2 19. Qc2 Bxa1 20. Bxf8 Bb2 21. Rb1 Bd4 22. Bxe4 fxe4 23. Rxb6 Bxb6 24. Bh6 Qf6 25. Qc8+ Qd8 26. Qf5 Qd6 27. Bg5 e3 28. Bf6+ Kg8 29. Qc8+ Qf8 30. Qg4+ 1-0

[Event "CZE-chT2C 1415"]
[Site "Czech Republic"]
[Date "2015.02.22"]
[Round "8.7"]
[White "Brychta, David"]
[Black "Saroun, Radek"]
[Result "1-0"]
[WhiteElo "2142"]
[BlackElo "1882"]
[PlyCount "67"]
[EventDate "2014.11.02"]
[EventType "team-tourn"]
[EventRounds "11"]
[EventCountry "CZE"]
[SourceTitle "EXT 2022"]
[Source "ChessBase"]
[SourceDate "2021.10.06"]
[SourceVersion "1"]
[SourceVersionDate "2021.10.06"]
[SourceQuality "1"]
[WhiteTeam "Jihlava Gordic"]
[BlackTeam "Jihlava Silko Gambit"]
[WhiteTeamCountry "CZE"]
[BlackTeamCountry "CZE"]

1. Nf3 b5 2. g3 Bb7 3. Bg2 Nf6 4. 0-0 e6 5. b3 Be7 6. Bb2 d5 7. d3 0-0 8. Nbd2 Nbd7 9. c4 b4 10. Rc1 c5 11. e3 Rc8 12. Rc2 Qb6 13. Qa1 Rfd8 14. Rfc1 Ne8 15. Bh3 Bf6 16. cxd5 Bxb2 17. Qxb2 Bxd5 18. Bg2 Nd6 19. a4 Qb7 20. e4 Bc6 21. Ne5 Nxe5 22. Qxe5 Nf5 23. Rxc5 Nd4 24. Qh5 f6 25. Qd1 e5 26. Nc4 Qe7 27. Ne3 Qe6 28. R1c4 Rb8 29. Nf5 Ba8 30. Nxd4 exd4 31. Qh5 g6 32. Qh4 f5 33. Rc7 h5 34. Re7 1-0

[Event "CZE-chT2C 1415"]
[Site "Czech Republic"]
[Date "2014.12.14"]
[Round "4.8"]
[White "Brychta, David"]
[Black "Illetsko, Jaroslav"]
[Result "1/2-1/2"]
[WhiteElo "2142"]
[BlackElo "2185"]
[PlyCount "87"]
[EventDate "2014.11.02"]
[EventType "team-tourn"]
[EventRounds "11"]
[EventCountry "CZE"]
[SourceTitle "EXT 2022"]
[Source "ChessBase"]
[SourceDate "2021.10.06"]
[SourceVersion "1"]
[SourceVersionDate "2021.10.06"]
[SourceQuality "1"]
[WhiteTeam "Jihlava Gordic"]
[BlackTeam "Vysehrad II"]
[WhiteTeamCountry "CZE"]
[BlackTeamCountry "CZE"]

1. Nf3 g6 2. g3 Bg7 3. d4 Nf6 4. Bg2 0-0 5. 0-0 d6 6. c4 Nc6 7. Nc3 a6 8. h3 Bd7 9. e4 e5 10. Be3 h6 11. Rc1 Nh7 12. Qd2 exd4 13. Nxd4 Ne5 14. Qe2 c5 15. Nc2 b5 16. cxb5 axb5 17. Nxb5 Bxb5 18. Qxb5 Rxa2 19. b4 Qb8 20. Qxb8 Rxb8 21. bxc5 dxc5 22. Ne1 c4 23. f4 Re2 24. Bf2 Nd3 25. Nxd3 cxd3 26. Rcd1 Rb3 27. Bf3 Rc2 28. e5 Nf8 29. Be4 g5 30. Rxd3 Rxd3 31. Bxd3 Rc3 32. Bf5 Ne6 33. Bxe6 fxe6 34. Kg2 gxf4 35. gxf4 Kf7 36. Rb1 Kg6 37. Rb7 Bf8 38. f5+ exf5 39. e6 Rc8 40. e7 Bg7 41. Kf3 Bf6 42. Rc7 Re8 43. Bc5 Kf7 44. h4 1/2-1/2

[Event "CZE-chT2C 1415"]
[Site "Czech Republic"]
[Date "2014.11.16"]
[Round "2.8"]
[White "Brychta, David"]
[Black "Postupa, Martin"]
[Result "1-0"]
[WhiteElo "2142"]
[BlackElo "2060"]
[PlyCount "116"]
[EventDate "2014.11.02"]
[EventType "team-tourn"]
[EventRounds "11"]
[EventCountry "CZE"]
[SourceTitle "EXT 2022"]
[Source "ChessBase"]
[SourceDate "2021.10.06"]
[SourceVersion "1"]
[SourceVersionDate "2021.10.06"]
[SourceQuality "1"]
[WhiteTeam "Jihlava Gordic"]
[BlackTeam "Praha Grop"]
[WhiteTeamCountry "CZE"]
[BlackTeamCountry "CZE"]

1. Nf3 d5 2. c4 e6 3. g3 Nf6 4. Bg2 Be7 5. 0-0 0-0 6. d4 c6 7. Nc3 b6 8. Ne5 Bb7 9. Qa4 Nfd7 10. Nxd7 Qxd7 11. Rd1 Rd8 12. Bf4 dxc4 13. Qxc4 Bd6 14. Bxd6 Qxd6 15. e4 Na6 16. a3 Rac8 17. e5 Qe7 18. Ne4 Nb8 19. Nd6 Rc7 20. Rac1 Rcd7 21. b4 Rxd6 22. exd6 Qxd6 23. Qe2 a6 24. Qe5 Kf8 25. Qh5 h6 26. Qe5 Qxe5 27. dxe5 Ke7 28. Rxd8 Kxd8 29. Rd1+ Kc7 30. f4 Nd7 31. Kf2 g6 32. g4 b5 33. h4 Nb6 34. Kg3 Nc4 35. Rd3 Bc8 36. Rc3 Kb6 37. Bf1 Nb2 38. Be2 Bd7 39. Kf3 Na4 40. Rd3 Kc7 41. Rd6 Nb6 42. h5 Nc8 43. hxg6 fxg6 44. Rd1 Ne7 45. Rh1 Ng8 46. Ke3 Be8 47. Bf3 Kb6 48. Kd4 Bf7 49. Be4 Be8 50. f5 gxf5 51. gxf5 exf5 52. Bxf5 Ne7 53. Be6 h5 54. Rf1 Bg6 55. Rf6 Kc7 56. Kc5 h4 57. Rf4 Bc2 58. Rf2 Bg6 1-0

[Event "CZE-chT2C 1314"]
[Site "Czech Republic"]
[Date "2014.02.02"]
[Round "7.8"]
[White "Brychta, David"]
[Black "Kralovsky, Martin"]
[Result "1-0"]
[WhiteElo "2130"]
[BlackElo "2042"]
[PlyCount "93"]
[EventDate "2013.11.03"]
[EventType "team-tourn"]
[EventRounds "11"]
[EventCountry "CZE"]
[SourceTitle "EXT 2015"]
[Source "ChessBase"]
[SourceDate "2014.11.20"]
[SourceVersion "1"]
[SourceVersionDate "2014.11.20"]
[SourceQuality "1"]
[WhiteTeam "Jihlava Gordic"]
[BlackTeam "Postovni sporitelna III"]
[WhiteTeamCountry "CZE"]
[BlackTeamCountry "CZE"]

1. Nf3 d5 2. c4 e6 3. g3 Nf6 4. Bg2 c6 5. b3 Bc5 6. 0-0 dxc4 7. bxc4 0-0 8. d4 Be7 9. Nc3 Nbd7 10. Qa4 Nb6 11. Qb3 a5 12. Rb1 Ra6 13. a4 Nbd7 14. Bf4 Rb6 15. Qc2 Rb4 16. Na2 Rxb1 17. Rxb1 Nh5 18. Bd2 f5 19. e4 fxe4 20. Qxe4 Ndf6 21. Qe1 c5 22. h3 g6 23. Bxa5 Qd7 24. Nc3 cxd4 25. Ne5 Qe8 26. Nb5 Bc5 27. Bb4 Qe7 28. Nxd4 Bxb4 29. Qxb4 Qc7 30. Re1 Ng7 31. Nb5 Qb6 32. c5 Qd8 33. Nd6 Nd5 34. Qb3 Qf6 35. f4 Nxf4 36. gxf4 Qxf4 37. Qe3 Qxa4 38. Nxc8 Rxc8 39. Bxb7 Nf5 40. Qf2 Rf8 41. Rf1 Qa5 42. Bg2 Rc8 43. Nd7 Qc3 44. c6 Ra8 45. Qe2 Nd4 46. Qe5 Ra1 47. Qb8+ 1-0

[Event "CZE-chT1E 1011"]
[Site "Czech Republic"]
[Date "2011.02.13"]
[Round "8.8"]
[White "Brychta, David"]
[Black "Hrabal, Michal"]
[Result "1-0"]
[WhiteElo "2186"]
[BlackElo "1966"]
[PlyCount "73"]
[EventDate "2010.10.10"]
[EventType "team-tourn"]
[EventRounds "11"]
[EventCountry "CZE"]
[SourceTitle "EXT 2012"]
[Source "ChessBase"]
[SourceDate "2011.11.24"]
[SourceVersion "1"]
[SourceVersionDate "2011.11.24"]
[SourceQuality "1"]
[WhiteTeam "Jihlava Gordic"]
[BlackTeam "Grygov II"]
[WhiteTeamCountry "CZE"]
[BlackTeamCountry "CZE"]

1. Nf3 d6 2. d4 Nf6 3. g3 g6 4. Bg2 Bg7 5. 0-0 0-0 6. c4 Nbd7 7. Qc2 c6 8. Rd1 Qc7 9. Nc3 a5 10. h3 e5 11. e4 Re8 12. Be3 exd4 13. Nxd4 Bf8 14. Rab1 Nc5 15. b3 Bd7 16. a3 Rad8 17. Bg5 Bg7 18. Ndb5 Qb8 19. Nxd6 Re6 20. Bf4 Nh5 21. Be3 Rxd6 22. Bxc5 Rxd1+ 23. Rxd1 Be6 24. Bb6 Re8 25. Ne2 f5 26. Nd4 Qe5 27. f4 Qf6 28. e5 Qe7 29. Nxe6 Qxe6 30. Rd6 Qf7 31. Qd3 g5 32. Rd7 Qf8 33. Qf3 Nxf4 34. gxf4 gxf4 35. Qxf4 Bxe5 36. Qg5+ Kh8 37. Rd8 1-0